00237nam a2200085Ia 450000100070000000500170000700800410002424500650006526000210013077771120250826165912.0250824s9999 xx 000 0 und d 0aBU YANLIZLIK BANA FAZLA BÖLÜŞELİM Mİ?cMURAT TAVLI bDESTEK YAYINLARI